Top 10 Most Polish U.S. States - Statistics

General Stats
  • This quiz has been taken 460 times
  • The average score is 8 of 10
Answer Stats
% State % Correct
5.41 New York
97%
6.83 Illinois
87%
8.25 Michigan
83%
5.52 New Jersey
81%
6.28 Pennsylvania
79%
4.46 Massachusetts
76%
8.59 Wisconsin
76%
4.49 Minnesota
69%
7.26 Connecticut
68%
4.22 New Hampshire
55%
No matching quizzes found
Score Distribution
Percent of People with Each Score
Percentile by Number Answered
Your Score History
You have not taken this quiz